JYP - Groupes de l'agence - Statistiques

Statistiques générales
  • Ce quiz a été pris 101 fois
    32 depuis la dernière actualisation
  • Le résultat moyen est 6 sur 12
Statistiques - réponses
1ère lettre Groupes % Correct
S Stray Kids
100%
T Twice
75%
N Nmixx
65%
I Itzy
60%
X Xdinary Heroes
55%
Chiffres 2PM
50%
D Day6
35%
G (ex : V) GIRLSET (ex : VCHA)
35%
N Nexz
30%
B Boy Story
25%
K KickFlip
25%
N NiziU
25%
Aucun quiz correspondant
Distribution des résultats
% des personnes avec chaque résultat
Percentile par nombre de réponses
Votre historique - résultats
Vous n’avez pas pris ce quiz depuis la dernière actualisation